| 000 | 00552nam a2200181Ia 4500 | ||
|---|---|---|---|
| 003 | GCL | ||
| 008 | 140319s9999 xx 000 0 ara d | ||
| 040 |
_aGCL / _cGCL |
||
| 082 | 0 | 4 |
_a338.4791 _bي ت |
| 100 | 1 | _aيوسف جعفر سعادة | |
| 245 | 1 | 0 |
_aالتربية السياحية / _cيوسف جعفر سعادة |
| 250 | _aالاولى | ||
| 260 |
_aالقاهرة : _bدار الكتاب الحديث ، _c2000 |
||
| 300 |
_a234 ص ؛ _c24 سم |
||
| 650 | 0 | 4 | _aالسياحة |
| 650 | 0 | 4 | _aالسياحة والدولة |
| 942 |
_2ddc _cBK |
||
| 999 |
_c5222 _d5222 |
||